Statistiques concernant Culture Générale - Série 1145

Cliquez ici pour prendre le quiz!

Statistiques générales

  • Ce quiz a été pris 42 fois
  • Le résultat moyen est 7 sur 10

Statistiques - réponses

Question Réponse % Correct
Traditionnellement, quel alcool utilise-t-on pour fabriquer le gâteau à pâte légère appelé : "baba" ?rhum
98%
Quel aéroport parisien est situé au sud de la capitale, dans le département du Val-de-Marne ?Orly
95%
Que trempe-t-on dans un café, pour faire un "canard" ?sucre
83%
Quelle est la ville française de la Drôme et la 3°ville espagnole ayant le même nom ?Valence
80%
Par opposition à "digitigrade", comment qualifie-t-on un animal qui marche sur la plante des pieds ?plantigrade
76%
De quel pays est originaire la bossa-nova ?Brésil
76%
Dans quel état des Etats Unis se trouve la ville de Tampa ?Floride
71%
Dans quel département pourrez-vous constater et admirer la profondeur du gouffre de Padirac ?Lot
41%
Quel sprinter canadien se voit disqualifié pour dopage, peu après son sacre sur 100 m, aux J.O. de Séoul en 1988 ?Ben Johnson
39%
Quel nom donne-t-on également à l'étoile de mer ?astérie
24%

Distribution des résultats

Percentile par nombre de réponses

% des personnes avec chaque résultat

Votre développement - résultats

Vous n’avez pas pris ce quiz